[Event "IECC CL6-2020.03 email"]
[Site "IECC email"]
[Date "2020.08.08"]
[Round "?"]
[White "Wey, Geoff"]
[Black "Caudill, Tommy A"]
[Result "1/2-1/2"]
[WhiteElo "1290"]
[BlackElo "1204"]
[PlyCount "74"]
[EventDate "2020.??.??"]
[EventType "tourn (corr)"]
[EventRounds "4"]
[SourceTitle "Corr 2024"]
[Source "ChessBase"]
[SourceDate "2023.10.19"]
[SourceVersion "1"]
[SourceVersionDate "2023.10.19"]
[SourceQuality "1"]
[WhiteTeam "Vereinigte Staaten"]
[BlackTeam "Vereinigte Staaten"]
[WhiteTeamCountry "USA"]
[BlackTeamCountry "USA"]

1. e4 c6 2. d4 d5 3. e5 Bf5 4. Nf3 e6 5. Bd3 Bxd3 6. Qxd3 c5 7. c3 Nd7 8. 0-0 Ne7 9. Be3 Nf5 10. Nbd2 Rc8 11. a3 Be7 12. Rfc1 c4 13. Qe2 0-0 14. b4 cxb3 15. Nxb3 Nxe3 16. Qxe3 Nb6 17. Nfd2 Na4 18. c4 dxc4 19. Rxc4 Rxc4 20. Nxc4 Qc7 21. Rc1 Nb6 22. Nbd2 Qb8 23. Nxb6 axb6 24. Qb3 Qa7 25. a4 b5 26. axb5 Qxd4 27. Nf3 Qb6 28. Qc4 Rd8 29. Qe2 h6 30. g3 Rd5 31. Rb1 f6 32. exf6 Bxf6 33. Kg2 Qd6 34. h3 Qd7 35. Kh2 Kh7 36. Kg2 Kg8 37. Kh2 Kf7 1/2-1/2

[Event "IECC CL7-2015.04 email"]
[Site "IECC email"]
[Date "2015.09.20"]
[Round "?"]
[White "Von Rosenberg, Clemens"]
[Black "Caudill, Tommy A"]
[Result "0-1"]
[WhiteElo "898"]
[BlackElo "1140"]
[PlyCount "54"]
[EventDate "2015.??.??"]
[EventType "tourn (corr)"]
[EventRounds "4"]
[SourceTitle "Corr 2020"]
[Source "ChessBase"]
[SourceDate "2019.09.30"]
[SourceVersion "1"]
[SourceVersionDate "2019.09.30"]
[SourceQuality "1"]
[WhiteTeam "Germany"]
[BlackTeam "United States"]
[WhiteTeamCountry "GER"]
[BlackTeamCountry "USA"]

1. d4 d5 2. Nf3 Nf6 3. e3 Bg4 4. Be2 Nc6 5. h3 Bh5 6. Nbd2 e6 7. 0-0 Bd6 8. b3 0-0 9. Bb2 Bg6 10. c4 b6 11. cxd5 Nxd5 12. e4 Nf4 13. Bb5 Ne7 14. e5 Bb4 15. a3 Bxd2 16. Qxd2 Nfd5 17. Rac1 a6 18. Bd3 Bxd3 19. Qxd3 Nf4 20. Qd2 Ned5 21. Rc2 f6 22. Rfc1 Rc8 23. b4 Rf7 24. Rc6 h6 25. exf6 Qxf6 26. Ne5 Qg5 27. Nxf7 Qxg2# 0-1

[Event "IECC CL7-2015.03 email"]
[Site "IECC email"]
[Date "2015.07.02"]
[Round "?"]
[White "Hughes, Peter James"]
[Black "Caudill, Tommy A"]
[Result "1-0"]
[WhiteElo "1092"]
[BlackElo "1192"]
[PlyCount "55"]
[EventDate "2015.??.??"]
[EventType "tourn (corr)"]
[EventRounds "4"]
[SourceTitle "Corr 2020"]
[Source "ChessBase"]
[SourceDate "2019.09.30"]
[SourceVersion "1"]
[SourceVersionDate "2019.09.30"]
[SourceQuality "1"]
[WhiteTeam "Australia"]
[BlackTeam "United States"]
[WhiteTeamCountry "AUS"]
[BlackTeamCountry "USA"]

1. e4 c6 2. d4 d5 3. f3 Bd7 4. Bd3 Nf6 5. Ne2 dxe4 6. fxe4 Bg4 7. 0-0 Bxe2 8. Qxe2 Qxd4+ 9. Kh1 Nbd7 10. c3 Qb6 11. b3 e5 12. Bg5 Be7 13. Qf3 0-0 14. Nd2 Qc7 15. b4 b5 16. Nb3 Nb6 17. Qg3 Nh5 18. Qg4 Bxg5 19. Qxg5 Nf4 20. Rad1 Rad8 21. Bc2 Nc4 22. Qg3 Rd6 23. Qf2 Nb2 24. Rxd6 Qxd6 25. Nc5 Nbd3 26. Qe3 Rb8 27. g3 Nd5 28. Qxd3 1-0

[Event "SN-2014-0-00653"]
[Site "LSS email"]
[Date "2015.01.15"]
[Round "?"]
[White "Huseby, Juan Carlos"]
[Black "Caudill, Tommy A"]
[Result "0-1"]
[WhiteElo "424"]
[BlackElo "711"]
[PlyCount "76"]
[EventDate "2014.12.27"]
[EventType "tourn (corr)"]
[EventRounds "6"]
[EventCountry "GER"]
[SourceTitle "Corr 2015"]
[Source "ChessBase"]
[SourceDate "2015.07.17"]
[SourceVersion "1"]
[SourceVersionDate "2015.07.17"]
[SourceQuality "1"]

1. f4 c6 2. e4 d5 3. e5 Bf5 4. Nf3 e6 5. Nh4 Qxh4+ 6. g3 Qd8 7. d3 Bb4+ 8. c3 Ba5 9. Be3 h6 10. Be2 Bb6 11. d4 Ne7 12. h4 Be4 13. Bf3 Bxf3 14. Qxf3 Nf5 15. Bf2 Nd7 16. Nd2 c5 17. 0-0 cxd4 18. Nb3 dxc3 19. Qxc3 Bxf2+ 20. Rxf2 Rc8 21. Qf3 Nb6 22. h5 Nc4 23. g4 Nfe3 24. Re1 d4 25. Qxb7 Nxg4 26. Rg2 Nce3 27. Rxe3 Nxe3 28. Rxg7 Rc7 29. Qb5+ Kf8 30. Rg3 Rg8 31. Rxg8+ Kxg8 32. Qd3 Nf5 33. Qh3 d3 34. Qg4+ Ng7 35. Qd1 Rc2 36. Qg4 d2 37. f5 d1Q+ 38. Qxd1 Qxd1# 0-1

[Event "RN-2014-0-00902"]
[Site "LSS email"]
[Date "2015.01.01"]
[Round "?"]
[White "Caudill, Tommy A"]
[Black "Bieszk, Stanislaw"]
[Result "0-1"]
[WhiteElo "711"]
[BlackElo "867"]
[PlyCount "72"]
[EventDate "2014.12.26"]
[EventType "tourn (corr)"]
[EventRounds "6"]
[EventCountry "GER"]
[SourceTitle "Corr 2015"]
[Source "ChessBase"]
[SourceDate "2015.07.17"]
[SourceVersion "1"]
[SourceVersionDate "2015.07.17"]
[SourceQuality "1"]

1. e4 c5 2. Nf3 d6 3. Bb5+ Nd7 4. Nc3 a6 5. Be2 g6 6. b3 Bg7 7. Bb2 e6 8. 0-0 b5 9. d4 cxd4 10. Nxd4 Nb6 11. Bf3 Rb8 12. Nc6 Qc7 13. Nxb8 Qxb8 14. Qd3 Ne7 15. Rae1 0-0 16. Bd1 Rd8 17. f4 d5 18. e5 Bb7 19. Qe3 Ba8 20. Nb1 Nf5 21. Qf2 Qb7 22. Bf3 Bf8 23. c4 bxc4 24. bxc4 Nxc4 25. Ba1 Qb6 26. Qxb6 Nxb6 27. Re2 Bc5+ 28. Kh1 Bd4 29. Bxd4 Nxd4 30. Rd2 Nxf3 31. Rxf3 Nc4 32. Rd1 Kf8 33. Nc3 Ke7 34. Na4 Bc6 35. Nc5 a5 36. g4 d4 0-1

[Event "LSS SN-2008-0-00128"]
[Site "LSS email"]
[Date "2009.01.21"]
[Round "?"]
[White "Caudill, Tommy A"]
[Black "McGuire, Paul"]
[Result "1-0"]
[WhiteElo "890"]
[BlackElo "637"]
[PlyCount "35"]
[EventDate "2009.01.12"]
[EventType "tourn (corr)"]
[EventRounds "6"]
[EventCountry "GER"]
[SourceTitle "Corr 2011"]
[Source "ChessBase"]
[SourceDate "2010.08.31"]
[SourceVersion "1"]
[SourceVersionDate "2010.08.31"]
[SourceQuality "1"]

1. e4 e5 2. Nf3 d6 3. Bb5+ Bd7 4. Bxd7+ Nxd7 5. d3 Ngf6 6. Bg5 Be7 7. 0-0 0-0 8. Nc3 c6 9. b4 b5 10. a4 a6 11. a5 h6 12. Be3 Qc7 13. d4 d5 14. dxe5 Nxe5 15. Bb6 Nxf3+ 16. Qxf3 Bxb4 17. Bxc7 Ra7 18. Bb6 1-0

[Event "LSS SN-2008-0-00128"]
[Site "LSS email"]
[Date "2009.01.21"]
[Round "?"]
[White "Caudill, Tommy A"]
[Black "Molina, Vicente Andres"]
[Result "0-1"]
[WhiteElo "781"]
[BlackElo "898"]
[PlyCount "96"]
[EventDate "2009.01.12"]
[EventType "tourn (corr)"]
[EventRounds "6"]
[EventCountry "GER"]
[SourceTitle "Corr 2011"]
[Source "ChessBase"]
[SourceDate "2010.08.31"]
[SourceVersion "1"]
[SourceVersionDate "2010.08.31"]
[SourceQuality "1"]

1. e4 c5 2. d4 cxd4 3. Qxd4 Nc6 4. Qd1 d6 5. Nf3 Nf6 6. Bb5 Bd7 7. Nc3 e6 8. Bg5 Be7 9. 0-0 0-0 10. a3 Rc8 11. Be3 a6 12. Bd3 b5 13. b4 Ne5 14. Nxe5 dxe5 15. Qe1 Qc7 16. Ne2 Bc6 17. Ng3 Rfd8 18. Qe2 h5 19. Nxh5 Nxh5 20. Qxh5 Bf6 21. Rac1 Bb7 22. Bc5 a5 23. Bxb5 axb4 24. axb4 Bxe4 25. c4 Bg6 26. Qe2 Bd3 27. Qe3 e4 28. Rfe1 Qe5 29. f4 Qb2 30. Qf2 Qxf2+ 31. Bxf2 Bb2 32. Bb6 Bd4+ 33. Bxd4 Rxd4 34. Ba6 Rcd8 35. Bb7 e3 36. Rxe3 Rxf4 37. b5 Bxc4 38. g3 Rfd4 39. Bc6 Rd1+ 40. Rxd1 Rxd1+ 41. Kg2 Rb1 42. Re5 Kf8 43. h4 Ke7 44. Rc5 Bf1+ 45. Kf2 Bd3 46. Ke3 Kd6 47. Rh5 Bf5 48. Rg5 g6 0-1

[Event "LSS SN-2008-0-00128"]
[Site "LSS email"]
[Date "2009.01.21"]
[Round "?"]
[White "Ozdemir, Zafer Omer"]
[Black "Caudill, Tommy A"]
[Result "0-1"]
[WhiteElo "590"]
[BlackElo "781"]
[PlyCount "84"]
[EventDate "2009.01.12"]
[EventType "tourn (corr)"]
[EventRounds "6"]
[EventCountry "GER"]
[SourceTitle "Corr 2011"]
[Source "ChessBase"]
[SourceDate "2010.08.31"]
[SourceVersion "1"]
[SourceVersionDate "2010.08.31"]
[SourceQuality "1"]

1. e4 c6 2. Bc4 d5 3. exd5 cxd5 4. Bb5+ Bd7 5. Qe2 a6 6. Bxd7+ Nxd7 7. Nf3 Ngf6 8. 0-0 e6 9. d3 Be7 10. Bg5 0-0 11. Ne5 Nxe5 12. Qxe5 Ng4 13. Qg3 f5 14. Bxe7 Qxe7 15. Nd2 Qf6 16. c3 h5 17. d4 Nh6 18. Nf3 Nf7 19. Nh4 g5 20. Nf3 Kh8 21. h4 gxh4 22. Nxh4 Rg8 23. Qh3 Rg4 24. g3 Rag8 25. Kh2 f4 26. Nf3 fxg3+ 27. fxg3 Qh6 28. Rg1 Ng5 29. Nxg5 R8xg5 30. Raf1 h4 31. Rf4 Rxf4 32. gxf4 Rxg1 33. Kxg1 Qxf4 34. b4 b5 35. Qxe6 Qg3+ 36. Kf1 Qf3+ 37. Ke1 Qxc3+ 38. Kd1 Qxd4+ 39. Ke2 Qe4+ 40. Qxe4 dxe4 41. Kf2 h3 42. Kg3 e3 0-1

[Event "LSS RN-2008-0-00174"]
[Site "LSS email"]
[Date "2009.01.19"]
[Round "?"]
[White "Losev, Vyacheslav"]
[Black "Caudill, Tommy A"]
[Result "1-0"]
[WhiteElo "562"]
[BlackElo "890"]
[PlyCount "83"]
[EventDate "2009.01.12"]
[EventType "tourn (corr)"]
[EventRounds "6"]
[EventCountry "GER"]
[SourceTitle "Corr 2011"]
[Source "ChessBase"]
[SourceDate "2010.08.31"]
[SourceVersion "1"]
[SourceVersionDate "2010.08.31"]
[SourceQuality "1"]

1. e4 c6 2. d4 d5 3. exd5 cxd5 4. Nc3 Nf6 5. Nf3 Bg4 6. Be2 e6 7. Bg5 Be7 8. 0-0 Nbd7 9. Bxf6 Nxf6 10. h3 Bf5 11. Bb5+ Nd7 12. Ne5 0-0 13. Nxd7 Re8 14. Nc5 Bxc5 15. dxc5 Rf8 16. c6 bxc6 17. Bxc6 Rb8 18. b3 Qc7 19. Ba4 Qxc3 20. Qe2 Rfd8 21. Rfe1 Rb4 22. f3 Bxc2 23. Rac1 Qd4+ 24. Kh1 Bd3 25. Qe3 h5 26. Qg5 Qf6 27. Qxh5 Rh4 28. Qe5 Qxe5 29. Rxe5 Bf5 30. Kh2 f6 31. Re3 Kf7 32. g4 Bg6 33. Kg3 Rdh8 34. Rc7+ Kf8 35. Rc8+ Ke7 36. Rc7+ Kd8 37. Rd7+ Kc8 38. Rxe6 Rxh3+ 39. Kf4 Rd8 40. Rxa7 Kb8 41. Ree7 d4 42. Bc6 1-0

[Event "IECC CL7-2008.06 email"]
[Site "IECC email"]
[Date "2008.09.09"]
[Round "?"]
[White "Caudill, Tommy A"]
[Black "D'Aragona, Vittoria"]
[Result "0-1"]
[WhiteElo "1162"]
[BlackElo "1294"]
[PlyCount "48"]
[EventDate "2008.??.??"]
[EventType "tourn (corr)"]
[EventRounds "4"]
[SourceTitle "Corr 2013"]
[Source "ChessBase"]
[SourceDate "2012.11.12"]
[SourceVersion "1"]
[SourceVersionDate "2012.11.12"]
[SourceQuality "1"]
[WhiteTeam "Ireland"]
[BlackTeam "US of America"]
[WhiteTeamCountry "IRL"]
[BlackTeamCountry "USA"]

1. e4 e6 2. d4 d5 3. e5 c5 4. Nf3 Nc6 5. Bb5 Bd7 6. 0-0 Nxe5 7. Bxd7+ Nxd7 8. dxc5 Bxc5 9. Nc3 Ne7 10. Ne2 0-0 11. Ng3 Nc6 12. a3 Qf6 13. c3 Rac8 14. Be3 h6 15. Nd4 Bxd4 16. cxd4 Rfd8 17. Ne2 e5 18. dxe5 Ndxe5 19. Bd4 Nxd4 20. Nxd4 Rc4 21. b3 Rxd4 22. Qc1 Nf3+ 23. gxf3 Qxf3 24. Qc7 Rg4+ 0-1

[Event "LSS SN-2008-0-00108"]
[Site "LSS email"]
[Date "2008.07.29"]
[Round "?"]
[White "Caudill, Tommy A"]
[Black "Heyboer, Peter J"]
[Result "0-1"]
[WhiteElo "940"]
[BlackElo "794"]
[PlyCount "50"]
[EventDate "2008.07.18"]
[EventType "tourn (corr)"]
[EventRounds "6"]
[EventCountry "GER"]
[SourceTitle "Corr 2011"]
[Source "ChessBase"]
[SourceDate "2010.08.31"]
[SourceVersion "1"]
[SourceVersionDate "2010.08.31"]
[SourceQuality "1"]

1. e4 c5 2. d4 cxd4 3. Qxd4 Nc6 4. Qd1 Nf6 5. Bd3 d5 6. Nc3 d4 7. Nce2 e5 8. Bd2 Be7 9. Nf3 Bg4 10. Ng3 0-0 11. 0-0 Qb6 12. b3 Rac8 13. h3 Bd7 14. a3 Qc7 15. c3 dxc3 16. Bxc3 Rfd8 17. Qc2 Nd4 18. Nxd4 exd4 19. Bxd4 Qxc2 20. Bxc2 Rxc2 21. Bxa7 b6 22. Bxb6 Rb8 23. e5 Rxb6 24. b4 Nd5 25. Rfd1 Be6 0-1

[Event "LSS SN-2008-0-00108"]
[Site "LSS email"]
[Date "2008.07.29"]
[Round "?"]
[White "Trevis, Robert R"]
[Black "Caudill, Tommy A"]
[Result "1-0"]
[WhiteElo "650"]
[BlackElo "781"]
[PlyCount "79"]
[EventDate "2008.07.18"]
[EventType "tourn (corr)"]
[EventRounds "6"]
[EventCountry "GER"]
[SourceTitle "Corr 2015"]
[Source "ChessBase"]
[SourceDate "2015.07.17"]
[SourceVersion "1"]
[SourceVersionDate "2015.07.17"]
[SourceQuality "1"]

1. e4 c6 2. d4 d5 3. Nc3 Nf6 4. e5 Nfd7 5. Bd3 Nb6 6. Nf3 Bg4 7. 0-0 e6 8. h3 Bh5 9. g4 Bg6 10. Bg5 Be7 11. Bxe7 Qxe7 12. Qd2 Nc4 13. Bxc4 dxc4 14. b3 b5 15. bxc4 b4 16. Ne2 c5 17. dxc5 Qxc5 18. a3 bxa3 19. Qc3 0-0 20. Qxa3 Qxc4 21. Ned4 Nd7 22. Qa4 Qxa4 23. Rxa4 a5 24. Rfa1 Rac8 25. R1a2 Nb6 26. Rxa5 Be4 27. Nd2 Rfd8 28. Nxe4 Rxd4 29. f3 h6 30. Kh2 Nd5 31. Ra8 Rxa8 32. Rxa8+ Kh7 33. Ra7 Kg6 34. h4 h5 35. gxh5+ Kxh5 36. Rxf7 Kxh4 37. Rxg7 Kh5 38. Rg4 Ne3 39. Nf6+ Kh6 40. Rxd4 1-0

[Event "LSS OP-2008-0-00495"]
[Site "LSS email"]
[Date "2008.03.12"]
[Round "?"]
[White "Taylor, Doug"]
[Black "Caudill, Tommy A"]
[Result "0-1"]
[WhiteElo "718"]
[BlackElo "1044"]
[PlyCount "76"]
[EventDate "2008.03.10"]
[EventType "tourn (corr)"]
[EventRounds "4"]
[EventCountry "GER"]
[SourceTitle "Corr 2011"]
[Source "ChessBase"]
[SourceDate "2010.08.31"]
[SourceVersion "1"]
[SourceVersionDate "2010.08.31"]
[SourceQuality "1"]

1. e4 c5 2. Nf3 Nc6 3. Nc3 g6 4. d4 Bg7 5. dxc5 Bxc3+ 6. bxc3 Nf6 7. e5 Nh5 8. Bc4 Qc7 9. Bg5 Na5 10. 0-0 Nxc4 11. Qd5 b5 12. Qxa8 Qxc5 13. Rab1 0-0 14. Rfd1 Ba6 15. Qe4 Na3 16. Rb3 Nc4 17. g4 Ng7 18. Bh6 f5 19. Qd4 d6 20. exd6 Qxd4 21. Nxd4 Nxd6 22. Ra3 Bb7 23. Rxa7 Ra8 24. Nxb5 Rxa7 25. Nxa7 fxg4 26. Re1 Ndf5 27. Bxg7 Kxg7 28. c4 Ba6 29. c5 Kf7 30. Re4 h5 31. c6 Nd6 32. Re5 Nc4 33. c7 Nxe5 34. Nb5 Ke8 35. Nc3 e6 36. Ne4 Bc8 37. Nd6+ Kd7 38. Nxc8 Kxc8 0-1

[Event "LSS SF-2008-0-00004"]
[Site "LSS email"]
[Date "2008.03.06"]
[Round "?"]
[White "Trevis, Robert R"]
[Black "Caudill, Tommy A"]
[Result "1-0"]
[WhiteElo "1094"]
[BlackElo "1077"]
[PlyCount "67"]
[EventDate "2008.02.24"]
[EventType "tourn (corr)"]
[EventRounds "6"]
[EventCountry "GER"]
[SourceTitle "Corr 2011"]
[Source "ChessBase"]
[SourceDate "2010.08.31"]
[SourceVersion "1"]
[SourceVersionDate "2010.08.31"]
[SourceQuality "1"]

1. e4 c6 2. d4 d5 3. Nc3 dxe4 4. Nxe4 Bf5 5. Ng3 Nf6 6. Nxf5 Qa5+ 7. Bd2 Qxf5 8. Bd3 Qd5 9. Nf3 e6 10. 0-0 Be7 11. c4 Qd8 12. Qb3 Qb6 13. Rae1 Qxb3 14. axb3 0-0 15. Bf5 exf5 16. Rxe7 Nbd7 17. Bg5 b5 18. Ra1 a6 19. Rae1 bxc4 20. Bxf6 Nxf6 21. bxc4 Ne4 22. Ra1 f6 23. Rc7 Rfc8 24. Rxa6 Rxa6 25. Rxc8+ Kf7 26. Rc7+ Kg6 27. Kf1 Nd2+ 28. Nxd2 h5 29. Ke2 Ra2 30. Rxc6 Rxb2 31. Kd3 f4 32. Rc7 Ra2 33. Rb7 f5 34. c5 1-0